Growth and Development:With Special Reference to Developing Economies (Record no. 101647)

MARC details
000 -LEADER
fixed length control field 00559nam a2200205Ia 4500
003 - CONTROL NUMBER IDENTIFIER
control field OSt
005 - DATE AND TIME OF LATEST TRANSACTION
control field 20230116113840.0
008 - FIXED-LENGTH DATA ELEMENTS--GENERAL INFORMATION
fixed length control field 211118s9999||||xx |||||||||||||| ||und||
020 ## - INTERNATIONAL STANDARD BOOK NUMBER
International Standard Book Number 978-0-230-22491-9
040 ## - CATALOGING SOURCE
Transcribing agency SBCL
082 ## - DEWEY DECIMAL CLASSIFICATION NUMBER
Classification number 338.9
Item number THI-G
100 ## - MAIN ENTRY--PERSONAL NAME
Personal name Thirlwall, A P
245 #0 - TITLE STATEMENT
Title Growth and Development:With Special Reference to Developing Economies
250 ## - EDITION STATEMENT
Edition statement 8th
260 ## - PUBLICATION, DISTRIBUTION, ETC.
Name of publisher, distributor, etc. Macmillion
Place of publication, distribution, etc. New Delhi
Date of publication, distribution, etc. 2003
300 ## - PHYSICAL DESCRIPTION
Extent 685p.
630 ## - SUBJECT ADDED ENTRY--UNIFORM TITLE
General subdivision MicroeconomicsGeneral Stack
650 ## - SUBJECT ADDED ENTRY--TOPICAL TERM
Topical term or geographic name entry element Social Sciences
942 ## - ADDED ENTRY ELEMENTS (KOHA)
Koha item type BOOK
650 ## - SUBJECT ADDED ENTRY--TOPICAL TERM
Form subdivision EconomicsEconomics
Holdings
Withdrawn status Lost status Damaged status Not for loan Home library Current library Date acquired Cost, normal purchase price Total Checkouts Full call number Barcode Shelving location Date last seen Date last checked out Price effective from Koha item type Source of classification or shelving scheme
        SB LIBRARY SB LIBRARY 18/11/2021 250.00 5 338.9 THI-G 00107472 GENERAL STACK 19/11/2025 19/11/2025 18/11/2021 BOOK  
        SB LIBRARY SB LIBRARY 30/12/2022 250.00 6 338.9 THI-G 118419 GENERAL STACK 25/11/2024 12/11/2024 28/06/2022 BOOK Dewey Decimal Classification

Powered by Koha